00353 a2200121 4500001001000000005001700010008004100027245002900068100002200097700002000119700002000139773007200159ART_1307020260410161735.0260409a 10aCuando el río suena...1 aRossi, Rodolfo C.1 aBotana, Natalio1 aBlasco, Eduardo0 tEjecutivos de finanzasg- Año 7, Nº 63 (feb./mar. 1990)wREV2863